00465naa a2200121 i 45000010005000000030009000050050017000140080041000310400026000721000116000982450054002147730075002688672KOSZ 00520180224111811.0180224s2002 pl ||||f |||| 00| | pol d aKOSZ 005/HRcKOSZ 0051 aKLONOWSKA-MATYNIA, Maria.d1999 - bPolitechnika Koszalińska - Wydział Nauk Ekonomicznych,cKatedra Ekonomii10aMarketing ekologiczny /cMaria Klonowska-Matynia.0 iW :tAura. -dWarszawa : SIGMA-NOT. g2002, nr 2, s. 12-14x0137-3668